Đánh giá các điều kiện tự nhiên phục vụ cho việc trồng rừng nguyên liệu giấy ở Anh Sơn - Nghệ An và định hướng phát triển
Cơ sở lí luận của đề tài. Đánh giá các điều kiện tự nhiên phục vụ cho việc trồng rừng nguyện liệ giấy ở Anh Sơn Nghệ An. Định hướng trồng rừng nguyển liệu giấy của huyện Anh Sơn
Wedi'i Gadw mewn:
| Prif Awdur: | |
|---|---|
| Awduron Eraill: | |
| Fformat: | Llyfr |
| Iaith: | Vietnamese |
| Cyhoeddwyd: |
Đại học Đà Nẵng
Trường đại học Sư Phạm
2009
|
| Cyfres: | Khóa luận tốt nghiệp Đại học. Chuyên ngành: Sư phạm địa lí
|
| Pynciau: | |
| Tagiau: |
Ychwanegu Tag
Dim Tagiau, Byddwch y cyntaf i dagio'r cofnod hwn!
|
| Thư viện lưu trữ: | Mạng thư viện Đại học Đà Nẵng |
|---|
| LEADER | 01683nam a2200349 4500 | ||
|---|---|---|---|
| 001 | 000011114 | ||
| 003 | 7345 | ||
| 005 | 20120202100224.0 | ||
| 008 | 120202s2009 viesd | ||
| 041 | |a vie | ||
| 072 | |a Khóa luận tốt nghiệp | ||
| 082 | |a 333.75 |b NG-L | ||
| 100 | |a Nguyễn, Thị Lữ | ||
| 245 | |a Đánh giá các điều kiện tự nhiên phục vụ cho việc trồng rừng nguyên liệu giấy ở Anh Sơn - Nghệ An và định hướng phát triển |c Nguyễn, Thị Lữ | ||
| 260 | |a Đại học Đà Nẵng |b Trường đại học Sư Phạm |c 2009 | ||
| 300 | |a 63 tr. |b Bảng + ảnh mhọa |c 29 cm | ||
| 490 | |a Khóa luận tốt nghiệp Đại học. Chuyên ngành: Sư phạm địa lí | ||
| 500 | |a Tham khảo tr.62 + phụ lục ảnh mhọa [4 tr.] | ||
| 520 | |a Cơ sở lí luận của đề tài. Đánh giá các điều kiện tự nhiên phục vụ cho việc trồng rừng nguyện liệ giấy ở Anh Sơn Nghệ An. Định hướng trồng rừng nguyển liệu giấy của huyện Anh Sơn | ||
| 653 | |a Khóa luận tốt nghiệp đại học | ||
| 653 | |a Khoa Địa lí | ||
| 700 | |a Nguyễn, Văn Nam |c Th.S |e Hướng dẫn | ||
| OWN | |a LSP | ||
| AVA | |a UDN50 |b LSP |d 333.75 NG-L |e available |t Error 5001 Not defined in file expand_doc_bib_avail. |f 1 |g 0 |h N |i 0 |k 1 | ||
| 999 | |a From the UDN01 | ||
| AVA | |a UDN50 |b LSP |d 333.75 NG-L |e available |t Error 5001 Not defined in file expand_doc_bib_avail. |f 1 |g 0 |h N |i 0 |k 1 | ||
| TYP | |a Monograph | ||
| TYP | |a Printed language | ||
| 980 | |a Mạng thư viện Đại học Đà Nẵng | ||